Las algas /
Guardado en:
| Autor Corporativo: | |
|---|---|
| Formato: | |
| Series: | Aventuras en el reino vegetal
|
| Materias: | |
| Etiquetas: |
Agregar Etiqueta
Sin Etiquetas, Sea el primero en etiquetar este registro!
|
| LEADER | 00990ngm a22002655g 4500 | ||
|---|---|---|---|
| 001 | CEM.cems022008 | ||
| 008 | 130507b1993##################0###0#####d | ||
| 005 | 20240930142442.0 | ||
| 245 | 1 | 0 | |a Las algas / |c TRANSTEL. |
| 300 | |a 26'. | ||
| 490 | 0 | |a Aventuras en el reino vegetal | |
| 500 | |a En soporte VHS, consultar en ventanilla. | ||
| 505 | 0 | |a Antepasados marinos de las algas. Clorofila y fotosíntesis. Fabricación del azúcar. Anaerobios. Algas diatomeas. Reproducción: división y sexual. Algas fuera del mar. Comunidades. Reproducción de algas pluricelulares. Clases. | |
| 538 | |a Soporte: VHS - Norma: - Pal N - Color - Grabación DRD 1993 - Hitachi=1470 | ||
| 110 | 2 | |a TRANSTEL. | |
| 082 | 5 | 7 | |/ TRA |
| 653 | |a BIOLOGIA | ||
| 653 | |a BOTANICA | ||
| 653 | |a ALGAS | ||
| 653 | |a CLOROFILA | ||
| 653 | |a FOTOSINTESIS | ||
| 653 | |a ANAEROBIOS | ||
| 653 | |a REINO VEGETAL | ||
| 653 | |a NIVEL SECUNDARIO | ||
| 859 | |a CEMS |b BIB. CEMS - Depto. Recursos Didacticos |h 574 |i TRA |k DRD |p 651.12 |t Ej.1 | ||
